| 000 | 00840nam a22002777a 4500 | ||
|---|---|---|---|
| 001 | 7425 | ||
| 003 | FISKH | ||
| 005 | 20251124154900.0 | ||
| 008 | 250715b cb ||||| |||| 00| 0 eng d | ||
| 020 | _a9781730162916 | ||
| 040 |
_aFISKH _beng _cFISKH _dFISKH |
||
| 050 | _aPZ7 | ||
| 082 | _a813 | ||
| 100 | _aPrakash, Ved | ||
| 245 |
_aHappy / _cConceived by Ved Prakash |
||
| 260 |
_aNew Delhi : _bDreamland Publications, _c2016. |
||
| 300 |
_a24 pages : _bcolor illustrations ; _c28 cm |
||
| 490 |
_aCharacter-building stories for children : _vBook 30 |
||
| 505 | _aK | ||
| 520 | _aHappy Happy ! A character building story to teach children feelings and manners in their routine life. | ||
| 521 | 8 |
_a510
_bLexile estimate |
|
| 521 | 8 |
_aK
_bRaz-Plus |
|
| 650 |
_aSTORIES _vMORAL |
||
| 942 |
_2ddc _cBK _n0 |
||
| 999 |
_c7425 _d7425 |
||